[Event "Main Vogelsberg op 2nd"]
[Site "Grossauheim"]
[Date "2007.06.09"]
[Round "5"]
[White "Hoehne, Volkmar"]
[Black "Schwind, Janek"]
[Result "1-0"]
[WhiteElo "1872"]
[BlackElo "1590"]
[PlyCount "147"]
[EventDate "2007.06.07"]
[EventType "swiss"]
[EventRounds "7"]
[EventCountry "GER"]
[SourceTitle "EXT 2008"]
[Source "ChessBase"]
[SourceDate "2007.11.25"]
[SourceVersion "1"]
[SourceVersionDate "2007.11.25"]
[SourceQuality "1"]

1. b3 d5 2. Bb2 Nc6 3. e3 a6 4. f4 d4 5. e4 e5 6. Nf3 Bg4 7. Bc4 Nf6 8. 0-0 Bc5 9. d3 0-0 10. a4 Rb8 11. a5 Re8 12. fxe5 Nxe5 13. Nbd2 Bb4 14. Qc1 Bxd2 15. Nxd2 c5 16. Qe1 Be6 17. h3 Bxc4 18. Nxc4 Nxc4 19. bxc4 Nd7 20. Qf2 Qf6 21. Qxf6 Nxf6 22. Ba3 Re5 23. Rab1 Nd7 24. Bc1 Re6 25. Bf4 Ne5 26. Bxe5 Rxe5 27. Rb6 Re6 28. Rfb1 Rxb6 29. Rxb6 Kf8 30. Kf2 Ke7 31. Kf3 Kd7 32. Kf4 Kc7 33. Ke5 Rd8 34. g4 h6 35. h4 Rd7 36. g5 h5 37. Kf5 Rd6 38. Rxd6 Kxd6 39. e5+ Kd7 40. g6 fxg6+ 41. Kxg6 Ke6 42. Kxh5 Kxe5 43. Kg5 b6 44. axb6 Kd6 45. b7 Kc7 46. b8Q+ Kxb8 47. Kg6 a5 48. Kxg7 a4 49. h5 a3 50. h6 a2 51. h7 a1Q 52. h8Q+ Kb7 53. Qh2 Qe1 54. Qg2+ Kb6 55. Qg6+ Ka5 56. Qc6 Qb4 57. Kf7 Qb6 58. Qxb6+ Kxb6 59. Ke6 Kc6 60. Ke5 Kc7 61. Kd5 Kb6 62. Kd6 Kb7 63. Kxc5 Kc7 64. Kxd4 Kd6 65. c5+ Kc6 66. Kc4 Kc7 67. d4 Kc6 68. d5+ Kc7 69. Kb5 Kb7 70. d6 Kb8 71. Kb6 Kc8 72. Kc6 Kd8 73. d7 Ke7 74. Kc7 1-0

[Event "Main Vogelsberg op 2nd"]
[Site "Grossauheim"]
[Date "2007.06.07"]
[Round "1"]
[White "Baumann, Arend"]
[Black "Schwind, Janek"]
[Result "1/2-1/2"]
[WhiteElo "1849"]
[BlackElo "1590"]
[PlyCount "91"]
[EventDate "2007.06.07"]
[EventType "swiss"]
[EventRounds "7"]
[EventCountry "GER"]
[SourceTitle "EXT 2008"]
[Source "ChessBase"]
[SourceDate "2007.11.25"]
[SourceVersion "1"]
[SourceVersionDate "2007.11.25"]
[SourceQuality "1"]

1. d4 Nf6 2. c4 c5 3. d5 b5 4. cxb5 a6 5. b6 Qxb6 6. Nc3 g6 7. e4 d6 8. Nf3 Bg4 9. Be2 Nbd7 10. Qa4 Bxf3 11. Bxf3 Bg7 12. 0-0 0-0 13. Rb1 Rfb8 14. Be3 Qb4 15. Qc2 Rb7 16. Be2 Ne8 17. Rfd1 Nc7 18. Bd2 Qb6 19. Na4 Qa7 20. Bc3 f6 21. Bg4 Ne5 22. Bh3 Nb5 23. Be6+ Kh8 24. Kh1 Rab8 25. Bxe5 fxe5 26. Qd3 Nd4 27. Bg4 Rb4 28. b3 c4 29. Qc3 cxb3 30. axb3 Rxb3 31. Rxb3 Nxb3 32. f3 Nd4 33. h3 Bh6 34. Qc4 Bf4 35. Ra1 Qb7 36. Kg1 Bg3 37. Rc1 Qb1 38. Kf1 Rb4 39. Qc7 Qd3+ 40. Kg1 Ne2+ 41. Kh1 Nxc1 42. Qd8+ Kg7 43. Qxe7+ Kh6 44. Qf8+ Kg5 45. f4+ Bxf4 46. Qe7+ 1/2-1/2

[Event "Unterfranken-ch HA 56th"]
[Site "Stetten"]
[Date "2005.03.31"]
[Round "6"]
[White "Schott, Davis"]
[Black "Schwind, Janek"]
[Result "1-0"]
[WhiteElo "1156"]
[BlackElo "1079"]
[PlyCount "100"]
[EventDate "2005.03.28"]
[EventType "swiss"]
[EventRounds "9"]
[EventCountry "GER"]
[SourceTitle "EXT 2015"]
[Source "ChessBase"]
[SourceDate "2014.11.20"]
[SourceVersion "1"]
[SourceVersionDate "2014.11.20"]
[SourceQuality "1"]

1. e4 e5 2. Nf3 Nc6 3. d4 exd4 4. c3 dxc3 5. Nxc3 Bb4 6. Bd2 d6 7. a3 Ba5 8. Bc4 Nf6 9. 0-0 0-0 10. Re1 Bg4 11. h3 Bh5 12. b4 Bb6 13. Be3 Bxe3 14. Rxe3 Ne5 15. Be2 Qd7 16. Nxe5 Qe6 17. Bxh5 Qxe5 18. Bf3 c5 19. Qd2 a6 20. Rae1 b5 21. Nd5 c4 22. Nc3 Rfb8 23. Nd5 Ra7 24. Nxf6+ Qxf6 25. e5 dxe5 26. Rxe5 g6 27. Bd1 Rd8 28. Qe3 Kg7 29. Qxa7 c3 30. Qc7 Rd2 31. R5e2 Qd4 32. Bc2 Qc4 33. Qe5+ Kg8 34. Qe3 Rd6 35. Qe8+ Kg7 36. Qe5+ Rf6 37. Re4 Qc6 38. R1e3 Kg8 39. Rxc3 Qb6 40. Rce3 Qc6 41. Re2 Rf5 42. Qe7 Qc3 43. R4e3 Qa1+ 44. Kh2 Rd5 45. Bb3 Rf5 46. Qe8+ Kg7 47. Re7 Qf6 48. Rxf7+ Qxf7 49. Bxf7 Rxf7 50. Re7 Rxe7 1-0